01381nam a2200349Ia 4500001001200000003000800012006001900020007001500039008004100054010001700095020001500112020002200127040002100149035002100170050002800191082001700219245012900236250001200365260008000377300002500457504005100482533015200533650003500685650004000720650001500760655002900775700001800804700003900822700002700861710001700888856012600905ebr10130350CaPaEBRm u cr cn|||||||||040114s2004 nyua sb 001 0 eng d z 2004040748 z0511193939 z0521833809 (hbk.) aCaPaEBRcCaPaEBR a(OCoLC)56022294814aRM296.5.T47bT47 2004eb04a615/.36622200aTestosteroneh[electronic resource] :baction, deficiency, substitution /cedited by E. Nieschlag, H.M. Behre, S. Nieschlag. a3rd ed. aCambridge, U.K. ;aNew York, NY, USA :bCambridge University Press,cc2004. axiii, 747 p. :bill. aIncludes bibliographical references and index. aElectronic reproduction.bPalo Alto, Calif. :cebrary,d2009.nAvailable via World Wide Web.nAccess may be limited to ebrary affiliated libraries. 0aTestosteronexTherapeutic use. 0aTestosteronexPhysiological effect. 0aAndrogens. 7aElectronic books.2local1 aNieschlag, E.1 aBehre, H. M.q(Hermann M.),d1961-1 aNieschlag, S.q(Susan)2 aebrary, Inc.40uhttp://site.ebrary.com/lib/rucke/Doc?id=10130350zAn electronic book accessible through the World Wide Web; click to view